Délvidéki írások

Elmentve itt :
Bibliográfiai részletek
Szerző: Sándor István
További közreműködők: Timár Ferenc
Stadler Aurél
Spakovszky Anatol
Csuka Zoltán
Dokumentumtípus: Cikk
Megjelent: 1943
Sorozat:Délvidéki szemle 2
Kulcsszavak:Magyar irodalom története - Délvidék - könyvismertetés
Tárgyszavak:
Online Access:http://acta.bibl.u-szeged.hu/19249
LEADER 00797nab a2200241 i 4500
001 acta19249
005 20251104151643.0
008 161015s1943 hu o 000 hun d
040 |a SZTE Egyetemi Kiadványok Repozitórium  |b hun 
041 |a hun 
100 1 |a Sándor István 
245 1 0 |a Délvidéki írások  |h [elektronikus dokumentum] /  |c  Sándor István 
260 |c 1943 
300 |a 131-133 
490 0 |a Délvidéki szemle  |v 2 
650 4 |a Bölcsészettudományok 
650 4 |a Nyelvek és irodalom 
695 |a Magyar irodalom története - Délvidék - könyvismertetés 
700 0 1 |a Timár Ferenc 
700 0 1 |a Stadler Aurél 
700 0 1 |a Spakovszky Anatol 
700 0 1 |a Csuka Zoltán 
856 4 0 |u http://acta.bibl.u-szeged.hu/19249/1/delvideki_szemle_002_131-133.pdf  |z Dokumentum-elérés